Methods in behavioral research / (Record no. 30688)
[ view plain ]
| 000 -LEADER | |
|---|---|
| fixed length control field | 01245nam a22003611i 4500 |
| 001 - CONTROL NUMBER | |
| control field | 016046401 |
| 003 - CONTROL NUMBER IDENTIFIER | |
| control field | EG-ScBUE |
| 005 - DATE AND TIME OF LATEST TRANSACTION | |
| control field | 20240305113212.0 |
| 008 - FIXED-LENGTH DATA ELEMENTS--GENERAL INFORMATION | |
| fixed length control field | 121025t2024 n a f bd 001 0 eng d |
| 020 ## - INTERNATIONAL STANDARD BOOK NUMBER | |
| International Standard Book Number | 9781266177682 |
| 020 ## - INTERNATIONAL STANDARD BOOK NUMBER | |
| International Standard Book Number | 126617768X |
| 040 ## - CATALOGING SOURCE | |
| Original cataloging agency | IiNdDKA |
| Language of cataloging | eng |
| Description conventions | rda |
| Transcribing agency | IiNdDKA |
| Modifying agency | EG-ScBUE |
| 082 04 - DEWEY DECIMAL CLASSIFICATION NUMBER | |
| Classification number | 150.72 |
| Edition number | 22 |
| Item number | COZ |
| 100 1# - MAIN ENTRY--PERSONAL NAME | |
| Personal name | Cozby, Paul C., |
| Relator term | author. |
| 9 (RLIN) | 37368 |
| 245 10 - TITLE STATEMENT | |
| Title | Methods in behavioral research / |
| Statement of responsibility, etc | Paul C. Cozby, California State University, Fullerton, Scott C. Bates, Utah State University. |
| 250 ## - EDITION STATEMENT | |
| Edition statement | Fifteenth edition. |
| 264 #1 - PUBLICATION, DISTRIBUTION, ETC. (IMPRINT) | |
| Place of publication, distribution, etc | New York, NY : |
| Name of publisher, distributor, etc | McGraw Hill, |
| Date of publication, distribution, etc | [2024] |
| 264 #4 - PUBLICATION, DISTRIBUTION, ETC. (IMPRINT) | |
| Date of publication, distribution, etc | c2024 |
| 300 ## - PHYSICAL DESCRIPTION | |
| Extent | xv, 416 pages : |
| Other physical details | illustrations ; |
| Dimensions | 24 cm |
| 336 ## - CONTENT TYPE | |
| Source | rdacontent |
| Content type term | text |
| Content type code | txt |
| 337 ## - MEDIA TYPE | |
| Source | rdamedia |
| Media type term | unmediated |
| Media type code | n |
| 338 ## - CARRIER TYPE | |
| Source | rdacarrier |
| Carrier type term | volume |
| Carrier type code | nc |
| 500 ## - GENERAL NOTE | |
| General note | Includes glossary.<br/> |
| 500 ## - GENERAL NOTE | |
| General note | Includes appendix.<br/> |
| 504 ## - BIBLIOGRAPHY, ETC. NOTE | |
| Bibliography, etc | Includes bibliographical references and index.<br/> |
| 650 #7 - SUBJECT ADDED ENTRY--TOPICAL TERM | |
| Topical term or geographic name as entry element | Psychology |
| General subdivision | Research |
| -- | Methodology. |
| Source of heading or term | BUEsh |
| 9 (RLIN) | 837 |
| 650 #7 - SUBJECT ADDED ENTRY--TOPICAL TERM | |
| Topical term or geographic name as entry element | Social sciences |
| General subdivision | Research |
| -- | Methodology. |
| Source of heading or term | BUEsh |
| 9 (RLIN) | 20647 |
| 653 ## - INDEX TERM--UNCONTROLLED | |
| Resource For college | Humanities: Psychology |
| Arrived date list | March2024 |
| 655 ## - INDEX TERM--GENRE/FORM | |
| Form subdivision | Reading book |
| 700 1# - ADDED ENTRY--PERSONAL NAME | |
| Personal name | Bates, Scott, |
| Dates associated with a name | 1969- |
| Relator term | author. |
| 9 (RLIN) | 37369 |
| 942 ## - ADDED ENTRY ELEMENTS (KOHA) | |
| Source of classification or shelving scheme | Dewey Decimal Classification |
| Koha item type | Book - Borrowing |
| Withdrawn status | Lost status | Source of classification or shelving scheme | Damaged status | Not for loan | Collection code | Home library | Current library | Shelving location | Date acquired | Source of acquisition | Cost, normal purchase price | Serial Enumeration / chronology | Total Checkouts | Full call number | Barcode | Date last seen | Cost, replacement price | Price effective from | Koha item type |
|---|---|---|---|---|---|---|---|---|---|---|---|---|---|---|---|---|---|---|---|
| Dewey Decimal Classification | Alahram | Central Library | Central Library | Lower Floor | 05/03/2024 | Purchase | 2299.00 | 181 | 150.72 COZ | 000057035 | 15/07/2025 | 3749.00 | 05/03/2024 | Book - Borrowing |